|
|
|
|
| LEADER |
00676cam a2200181 7i4500 |
| 001 |
0000003317 |
| 005 |
20190919090000.0 |
| 002 |
##000004674 |
| 020 |
# |
# |
|a 983-99703-1-3
|
| 090 |
0 |
0 |
|a B 808.51
|b MAL (LRM)
|
| 110 |
1 |
# |
|a Malaysia(:
|c Ministry of International Trade and Industry)
|
| 245 |
1 |
0 |
|a Rafidah :
|b a winning formula :
|b a winning formula :
|b selected speeches 1987 - 1993.
|
| 260 |
0 |
0 |
|a Kuala Lumpur:
|b Ministry of International Trade and Industry,
|c 1993.
|
| 300 |
# |
# |
|a 571 p..
|
| 650 |
0 |
0 |
|a Speeches,addresses,etc.
|
| 700 |
1 |
2 |
|a Rafidah Aziz
|
| 999 |
|
|
|a 0000005517
|b Book
|c Open shelf
|e Business Information Centre
|
| 999 |
|
|
|a 0000005516
|b Book
|c Open shelf
|e Business Information Centre
|